| 000 | 00937nam a22002777a 4500 | ||
|---|---|---|---|
| 003 | CHAP | ||
| 005 | 20220329140909.0 | ||
| 008 | 971013s1986 r 00010 d | ||
| 010 | _a59461 | ||
| 011 | _a60433 | ||
| 035 | _a64595 | ||
| 040 | _cCHAP | ||
| 082 |
_a632.9503 _bD5 |
||
| 245 | _aDiccionario de especialidades agroquímicas | ||
| 260 |
_aMéxico, D. F. : _bPLM, _c1986 |
||
| 300 | _a501 p. | ||
| 590 |
_aBATCH-UPD _b10 _c20130110 _lUCH01 _h2132 |
||
| 590 |
_aCONVERSION _b10 _c20130109 _lUCH01 _h1332 |
||
| 650 | 1 | 4 |
_aPesticidas _xDiccionarios. _987543 |
| 700 | 0 |
_aRosenstein Ster, Emilio. _9100130 |
|
| 901 | _aBK | ||
| 942 | _cLIBRO | ||
| 949 |
_a632.9503 D5 _bBC _cC _d33724000986733 _eC _gI. 137484 _h71678 _i64595 _si _t18.00 |
||
| 949 |
_a632.9503 D5 _bBC _cLIBRO _d33724000972659 _eLIBRO _fc.2 _gI. 137485 _h71679 _i64595 _si _t18.00 |
||
| 949 |
_a632.9503 D5 _bBC _cLIBRO _d33724002021330 _eLIBRO _fc.3 _gI. 137486 _h71680 _i64595 _si _t18.00 |
||
| 999 |
_c59461 _d59461 |
||